000 00697nam a2200205Ia 4500
001 13505
003 GE_BSU
008 181216s||||||||xx |||||||||||||| ||und||
020 _a0789731495
040 _cGE_BSU
080 _a004.3(075.8)
100 _aHuggins,Diana. Buckingham,Felicia
245 _aSupporting Users and Troubleshooting Desktop Application on a Windows XP Operating System
260 _c2004
300 _a318p.Ill.23cm.
653 _aSupporting Users and Troubleshooting Desktop Application on a Windows XP Operating System
653 _aინფორმატიკა
653 _aსაინფორმაციო ტექნოლოგიები
942 _cBK
999 _c46664
_d46664